Quiz Super-Héros - Statistiques

Statistiques générales
  • Ce quiz a été pris 304 fois
  • Le résultat moyen est 13 sur 16
Statistiques - réponses
Par images Réponse % Correct
Captain America
98%
Batman
97%
Hulk
97%
Wonder Woman
96%
Superman
95%
Flash
94%
Spider Man
94%
Thor
94%
Dead Pool
92%
Robin
91%
Docteur Strange
82%
Wolverine
80%
Captain Marvel
72%
Harley Quinn
72%
La chose
65%
Raffaello
29%
Aucun quiz correspondant
Distribution des résultats
% des personnes avec chaque résultat
Percentile par nombre de réponses
Votre historique - résultats
Vous n’avez pas pris ce quiz